<?xml version="1.0" encoding="UTF-8"?>
<collection xmlns="http://www.loc.gov/MARC21/slim">
 <record>
  <leader>01346nam a2200217 a 4500</leader>
  <controlfield tag="001">1/46293</controlfield>
  <controlfield tag="008">160511s1968    gr       bi   00010 gre  </controlfield>
  <datafield tag="035" ind1=" " ind2=" ">
   <subfield code="l">49267</subfield>
  </datafield>
  <datafield tag="040" ind1=" " ind2=" ">
   <subfield code="a">GR-PeUP</subfield>
  </datafield>
  <datafield tag="082" ind1="0" ind2="0">
   <subfield code="a">938 ΕΛΛ</subfield>
  </datafield>
  <datafield tag="110" ind1="2" ind2=" ">
   <subfield code="a">Ελλάδα.</subfield>
   <subfield code="b">Στρατός.</subfield>
   <subfield code="b">Γενικό Επιτελείο.</subfield>
   <subfield code="b">Διεύθυνση Ιστορίας Στρατού.</subfield>
  </datafield>
  <datafield tag="245" ind1="1" ind2="3">
   <subfield code="a">[Η υγειονομική υπηρεσία του στρατού κατά την Μικρασιατικήν Εκστρατείαν 1919-1922] /</subfield>
   <subfield code="c">[Γεν. Επιτ. Στρατού. Δ/νσις Ιστορ. Στρατ ; συντάκτης παρόντος τόμου: αρχίατρος Γεώργιος Παπαγεωργίου].</subfield>
  </datafield>
  <datafield tag="260" ind1="0" ind2=" ">
   <subfield code="a">[Αθήναι] :</subfield>
   <subfield code="b">[Διεύθυνσις Ιστορίας Στρατού],</subfield>
   <subfield code="c">[1968].</subfield>
  </datafield>
  <datafield tag="300" ind1=" " ind2=" ">
   <subfield code="a">xx, 334 σ. :</subfield>
   <subfield code="b">εικ., πίν. ;</subfield>
   <subfield code="c">24 εκ. +</subfield>
   <subfield code="e">χάρτες.</subfield>
  </datafield>
  <datafield tag="500" ind1=" " ind2=" ">
   <subfield code="a">Περιέχει σημειώσεις.</subfield>
  </datafield>
  <datafield tag="504" ind1=" " ind2=" ">
   <subfield code="a">Βιβλιογραφία: σ. 331-332.</subfield>
  </datafield>
  <datafield tag="504" ind1=" " ind2=" ">
   <subfield code="a">Ευρετήριο: σ. 333-334.</subfield>
  </datafield>
  <datafield tag="651" ind1=" " ind2="0">
   <subfield code="a">Ελλάδα.</subfield>
   <subfield code="x">Στρατός.</subfield>
   <subfield code="x">Υγειονομική Υπηρεσία.</subfield>
   <subfield code="y">1919-1922 .</subfield>
  </datafield>
  <datafield tag="651" ind1=" " ind2="0">
   <subfield code="a">Greece</subfield>
   <subfield code="x">Army.</subfield>
  </datafield>
  <datafield tag="700" ind1="1" ind2=" ">
   <subfield code="a">Παπαγεωργίου, Γεώργιος Π.</subfield>
  </datafield>
  <datafield tag="852" ind1=" " ind2=" ">
   <subfield code="a">INST</subfield>
   <subfield code="b">UNIPILB</subfield>
   <subfield code="c">MAIN</subfield>
   <subfield code="e">20160511</subfield>
   <subfield code="h">938 ΕΛΛ</subfield>
   <subfield code="p">00173788</subfield>
   <subfield code="q">00173788</subfield>
   <subfield code="t">CLOCOL</subfield>
   <subfield code="y">23</subfield>
   <subfield code="4">1</subfield>
  </datafield>
 </record>
</collection>
